000 00653nam a2200205 i 4500
001 85878
003 ES-MaACL
005 20240301063052.0
007 t|
008 041202s1949 ag ||||1| spa d
100 0 _aKafka, Franz,
_d1883-1924
_967400
245 1 3 _aEl castillo /
_cFranz Kafka ; [traducción de D.J. Vogelmann].
260 _aBuenos Aires :
_bEmecé,
_c[1949] (
_fCompañía Impresora Argentina)
300 _a416 p. :
_bil. ;
_c19 cm.
490 1 _aGrandes novelistas
700 1 _aVogelmann, D. J.
_9115659
830 0 _aGrandes novelistas
_9181770
852 _aES-MaACL
_jD-5810
_bR.30329
999 _c85878
_d85878